Diari de la nostra joventut / (Record no. 31049)
[ view plain ]
| 000 -LEADER | |
|---|---|
| campo de control de longitud fija | 00552nam a2200181 i 4500 |
| 001 - NÚMERO DE CONTROL | |
| campo de control | 31049 |
| 003 - IDENTIFICADOR DE NÚMERO DE CONTROL | |
| campo de control | ES-MaACL |
| 005 - FECHA Y HORA DE LA ÚLTIMA TRANSACCIÓN | |
| campo de control | 20230906154311.0 |
| 007 - CAMPO FIJO DE DESCRIPCIÓN FÍSICA--INFORMACIÓN GENERAL | |
| campo de control de longitud fija | t| |
| 008 - DATOS DE LONGITUD FIJA--INFORMACIÓN GENERAL | |
| campo de control de longitud fija | 030128s1964 sp ||||1| cat d |
| 100 1# - ENTRADA PRINCIPAL--NOMBRE DE PERSONA | |
| Nombre de persona | Belloncle, Guy. |
| 9 (RLIN) | 27268 |
| 245 10 - MENCIÓN DEL TÍTULO | |
| Título | Diari de la nostra joventut / |
| Mención de responsabilidad, etc. | Guy Belloncle ; traductors Jordi Planas, Josep Ruaix. |
| 260 ## - PUBLICACIÓN, DISTRIBUCIÓN, ETC. | |
| Lugar de publicación, distribución, etc. | Barcelona : |
| Nombre del editor, distribuidor, etc. | Editorial Estela, |
| Fecha de publicación, distribución, etc. | [1964] |
| 300 ## - DESCRIPCIÓN FÍSICA | |
| Extensión | 191 p. ; |
| Dimensiones | 20 cm. |
| 700 1# - ENTRADA AGREGADA--NOMBRE PERSONAL | |
| Nombre de persona | Planas, Jordi. |
| 9 (RLIN) | 92521 |
| 700 1# - ENTRADA AGREGADA--NOMBRE PERSONAL | |
| Nombre de persona | Ruaix i Vinyet, Josep. |
| 9 (RLIN) | 100264 |
| 852 ## - LOCALIZACIÓN | |
| Ubicación | ES-MaACL |
| Número de control de estantería | C-28507 |
| Sublocalización o colección | R.57819 |
| Estatus retirado | Estado de pérdida | Estado de daño | No para préstamo | Biblioteca de origen | Biblioteca actual | Ubicación en estantería | Fecha de adquisición | Fuente de adquisición | Total de préstamos | Signatura topográfica completa | Código de barras | Visto por última vez | Precio de reemplazo | Tipo de ítem Koha |
|---|---|---|---|---|---|---|---|---|---|---|---|---|---|---|
| Biblioteca del Ateneo de Madrid | Biblioteca del Ateneo de Madrid | Depósito 2 | 17/01/2008 | C-28507 | 1032076 | 23/02/2023 | 23/02/2023 | Libro impreso |
